000 00835cab a2200205 4500
001 X90936
008 090401t1998 xxu||||| |||| 00| 0 eng d
035 _a(Sirsi) u85402
041 _aeng
245 _aR v Leominster DC, ex p. Pothecary
260 _c1998
350 _a0
490 _aJournal of Planning and Environment Law
_v[1998] JPL 335-351
520 _aCA 28 October 1997. Lambing shed-adjacent to neighbouring house-retrospective planning permission-whether the fact that the shed was already built a relevant consideration-validity of condition-allegation of irrationality-judicial review-planning permission upheld as valid. (Taken from headnote).
650 _aFARM BUILDINGS
650 _aRETROSPECTIVE PLANNING PERMISSION
690 _aPLANNING LAW AND PRACTICE-CASE LAW
942 _n0
948 _c02/04/1998
999 _c53704
_d53704